Fiasco : (Record no. 553636)

000 -LEADER
fixed length control field 01225cam a22001934a 4500
020 ## - INTERNATIONAL STANDARD BOOK NUMBER
International Standard Book Number 159420103X
020 ## - INTERNATIONAL STANDARD BOOK NUMBER
International Standard Book Number 9781594201035
082 00 - DEWEY DECIMAL CLASSIFICATION NUMBER
Classification number 956.70443
Author Mark RIC
100 1# - MAIN ENTRY--PERSONAL NAME
Personal name Ricks, Thomas E.
9 (RLIN) 1849
245 10 - TITLE STATEMENT
Title Fiasco :
Remainder of title the American military adventure in Iraq /
Statement of responsibility, etc. Thomas E. Ricks.
260 ## - PUBLICATION, DISTRIBUTION, ETC.
Place of publication, distribution, etc. New York :
Name of publisher, distributor, etc. Penguin Press,
Date of publication, distribution, etc. 2006.
300 ## - PHYSICAL DESCRIPTION
Extent xiv, 482 p., [16] p. of plates :
Other physical details ill., maps ;
Dimensions 25 cm.
505 0# - FORMATTED CONTENTS NOTE
Formatted contents note Containment -- A bad ending -- Containment and its discontents -- This changes everything: the aftermath of 9/11 -- The war of words -- The run-up -- The silence of the lambs -- Into Iraq -- Winning a battle -- How to create an insurgency (I) -- How to create an insurgency (II) -- The CPA: "can't produce anything" -- Getting tough -- The descent into abuse -- The long term -- "The Army of the Euphrates" takes stock -- The Marine Corps files a dissent -- The surprise -- The price paid -- The corrections -- Turnover -- Too little too late? -- Betting against history.
526 ## - STUDY PROGRAM INFORMATION NOTE
Program name 0
Interest level 0
Reading level 0
Title point value 956_704430000000000_RIC
526 ## - STUDY PROGRAM INFORMATION NOTE
Program name 0
Interest level 0
Reading level 0
Title point value 956_704430000000000_RIC
650 #0 - SUBJECT ADDED ENTRY--TOPICAL TERM
Topical term or geographic name entry element Iraq War, 2003-2011.
9 (RLIN) 12087
856 42 - ELECTRONIC LOCATION AND ACCESS
Uniform Resource Identifier <a href="http://www.loc.gov/catdir/enhancements/fy1209/2006045357-b.html">http://www.loc.gov/catdir/enhancements/fy1209/2006045357-b.html</a>
942 ## - ADDED ENTRY ELEMENTS (KOHA)
Source of classification or shelving scheme
Koha item type Book
Holdings
Withdrawn status Lost status Source of classification or shelving scheme Damaged status Not for loan Permanent Location Current Location Date acquired Total Checkouts Full call number Barcode Date last seen Date last checked out Price effective from Koha item type
          Military College of Engineering (MCE) Military College of Engineering (MCE) 02/09/2016 1 956.70443 RIC MCE-50208 08/31/2020 08/19/2020 02/09/2016 Book
          Military College of Engineering (MCE) Military College of Engineering (MCE) 02/09/2016 1 956.70443 RIC MCE-50209 10/18/2016 10/03/2016 02/09/2016 Book
© 2023 Central Library, National University of Sciences and Technology. All Rights Reserved.